00628nam a22001817a 450000500170000001000150001702000230003203500130005503700130006808200080008110000270008924501160011626000420023227000740027430000300034865000440037870000240042220100813104517.0 aENG-100176 a8170342624c850.00 aEN-83708 bDBAD/PUB a410 aSomaiya, Shantilal K.  aSanskrit words in southeast Asian languages /bby Shantilal K. Somaiya ; edited by Satya Vrat Shastri..[et.al.] aNew DelhibSomaiya publicationsc2005 a6thFloo, Bank of Baroda Building Parliament StreetbNew Delhie110001 axxii, 720 p. c21cm (Pbk) aSanskrit langugevForeign word & phrase aShastr, Satya Vrat